[Event "Montreal op"]
[Site "Montreal CAN"]
[Date "1985.09.01"]
[Round "3"]
[White "Lake, Perry"]
[Black "Bolduc, Steve"]
[Result "1/2-1/2"]
[WhiteElo "1951"]
[BlackElo "2151"]
[PlyCount "60"]
[GameId "2160767912717835"]
[EventDate "1985.08.31"]
[EventType "swiss"]
[EventRounds "6"]
[EventCountry "CAN"]
[SourceTitle "hb 2011"]

1. e4 Nf6 2. e5 Nd5 3. d4 d6 4. Nf3 Bg4 5. Be2 e6 6. c4 Nb6 7. exd6 cxd6 8. O-O Be7 9. Be3 O-O 10. Nbd2 Nc6 11. h3 Bf5 12. a3 a5 13. b3 d5 14. c5 Nd7 15. Qc1 Bf6 16. Qc3 Re8 17. b4 e5 18. Bb5 e4 19. Nh2 Re6 20. Be2 Bh4 21. b5 Ne7 22. g4 Rg6 23. Kh1 Be6 24. Rg1 f5 25. f4 h6 26. Raf1 Rc8 27. a4 Bf7 28. Nb3 b6 29. Rc1 Rf6 30. Qd2 Ng6 1/2-1/2

[Event "Montreal op"]
[Site "Montreal CAN"]
[Date "1985.09.01"]
[Round "4"]
[White "Bolduc, Steve"]
[Black "Delisle, Claude"]
[Result "1-0"]
[WhiteElo "2151"]
[BlackElo "1979"]
[PlyCount "59"]
[GameId "2160767912717836"]
[EventDate "1985.08.31"]
[EventType "swiss"]
[EventRounds "6"]
[EventCountry "CAN"]
[SourceTitle "hb 2011"]

1. d4 g6 2. c4 Bg7 3. e4 Nc6 4. d5 Nd4 5. Be3 e5 6. Ne2 c5 7. dxc6 dxc6 8. Qd2 Be6 9. Nxd4 exd4 10. Bg5 f6 11. Bf4 c5 12. Bd3 Ne7 13. b4 Rc8 14. Na3 a6 15. bxc5 Rxc5 16. Rb1 Bc8 17. O-O Nc6 18. Nc2 O-O 19. Nb4 Nxb4 20. Rxb4 Re8 21. Rfb1 Re6 22. f3 Bf8 23. g4 Rec6 24. Bf1 Bd6 25. Qxd4 Ra5 26. Kh1 Qf8 27. Bxd6 Rxd6 28. Qf2 Qh6 29. R4b2 Ra3 30. Qc5 1-0

[Event "Montreal op"]
[Site "Montreal CAN"]
[Date "1985.09.02"]
[Round "6"]
[White "Finta, Robert"]
[Black "Bolduc, Steve"]
[Result "1-0"]
[WhiteElo "2007"]
[BlackElo "2151"]
[PlyCount "113"]
[GameId "2160767912717840"]
[EventDate "1985.08.31"]
[EventType "swiss"]
[EventRounds "6"]
[EventCountry "CAN"]
[SourceTitle "hb 2011"]

1. e4 c6 2. d4 d5 3. exd5 cxd5 4. c4 Nf6 5. Nc3 g6 6. Nf3 Bg7 7. cxd5 O-O 8. Bc4 Nbd7 9. d6 exd6 10. O-O Nb6 11. Bb3 d5 12. Bg5 Be6 13. Ne5 h6 14. Bh4 a5 15. Rc1 Qe7 16. Re1 g5 17. Bg3 Rfc8 18. Nd3 a4 19. Nxa4 Rxc1 20. Nxc1 Nxa4 21. Bxa4 Ne4 22. Be5 Bxe5 23. dxe5 Bg4 24. Qd4 Nc5 25. Bc2 Be6 26. a3 Rc8 27. Ne2 Nd7 28. Bb1 Rc4 29. Qe3 b5 30. Bd3 Rc5 31. Nd4 Nb6 32. Nxb5 Nc4 33. Bxc4 dxc4 34. Nd6 Qc7 35. Ne4 Rb5 36. Nf6+ Kf8 37. Qd4 Rb3 38. h4 Rd3 39. Qe4 Rd2 40. Qh7 Ke7 41. Qxh6 Qc5 42. Re3 Rxb2 43. Qxg5 Qd4 44. Nd5+ Kd7 45. Qe7+ Kc6 46. Qd6+ Kb7 47. Qe7+ Kb8 48. Nb4 Qf4 49. Nc6+ Kc8 50. Qe8+ Kb7 51. Qb8+ Kxc6 52. Qxb2 Qxh4 53. a4 Qg4 54. Re1 Kc7 55. Qb4 Qd4 56. Rb1 Qxe5 57. Qb8+ 1-0

[Event "Quebec op"]
[Site "Ste-Agathe CAN"]
[Date "1985.08.12"]
[Round "2"]
[White "Parent, Francois"]
[Black "Bolduc, Steve"]
[Result "0-1"]
[WhiteElo "1919"]
[BlackElo "2142"]
[PlyCount "60"]
[GameId "2160767912717847"]
[EventDate "1985.08.11"]
[EventType "swiss"]
[EventRounds "8"]
[EventCountry "CAN"]
[SourceTitle "hb 2011"]

1. e4 c6 2. d4 d5 3. Nc3 dxe4 4. Nxe4 Nd7 5. Nf3 Ngf6 6. Ng3 e6 7. Bc4 c5 8. O-O cxd4 9. Nxd4 Bc5 10. Be3 O-O 11. Bb3 Re8 12. c3 b6 13. Qf3 Ba6 14. Nde2 Ne5 15. Qf4 Nd3 16. Qa4 Qc8 17. Rab1 Qb7 18. Bc2 Rad8 19. Qh4 Be7 20. Bg5 h6 21. Bxf6 Bxf6 22. Qg4 g6 23. Rfd1 Qe7 24. Ne4 Bg7 25. Qh3 Nc5 26. Nf4 Bb7 27. Nxc5 Qxc5 28. Bxg6 Rxd1+ 29. Rxd1 fxg6 30. Nxe6 Qc8 0-1

[Event "Quebec op"]
[Site "Ste-Agathe CAN"]
[Date "1985.08.13"]
[Round "3"]
[White "Bolduc, Steve"]
[Black "Xanthos, Constantin"]
[Result "1-0"]
[WhiteElo "2142"]
[BlackElo "1963"]
[PlyCount "100"]
[GameId "2160767912717848"]
[EventDate "1985.08.11"]
[EventType "swiss"]
[EventRounds "8"]
[EventCountry "CAN"]
[SourceTitle "hb 2011"]

1. d4 f5 2. c4 e6 3. g3 Nf6 4. Bg2 d5 5. Nh3 c6 6. Nc3 Bd6 7. O-O O-O 8. Qb3 Qe7 9. Bf4 Nbd7 10. Rfe1 h6 11. f3 dxc4 12. Qxc4 Nb6 13. Qb3 Nh5 14. Bxd6 Qxd6 15. e3 Kh8 16. f4 Nf6 17. Rad1 Nbd5 18. Nf2 b6 19. e4 fxe4 20. Nfxe4 Nxe4 21. Rxe4 Nf6 22. Re5 Bd7 23. Ne4 Nxe4 24. Bxe4 Rf6 25. Bc2 Be8 26. Qe3 Bg6 27. Bb3 Bf7 28. g4 Rf8 29. g5 Rf5 30. Bc2 Rxe5 31. fxe5 Qe7 32. gxh6 Bh5 33. Rf1 Rxf1+ 34. Kxf1 Qf8+ 35. Ke1 gxh6 36. Kd2 Qg7 37. b4 Qg2+ 38. Kc3 Kg7 39. Qd3 Qf3 40. a4 Kf7 41. Qxf3+ Bxf3 42. Kd2 Bd5 43. Ke3 Kg7 44. Be4 Kf7 45. Kf4 Kg7 46. b5 Bc4 47. bxc6 Kf7 48. d5 exd5 49. c7 Ba6 50. Bf5 Ke7 1-0

[Event "Quebec op"]
[Site "Ste-Agathe CAN"]
[Date "1985.08.14"]
[Round "4"]
[White "Alain, Benoit"]
[Black "Bolduc, Steve"]
[Result "0-1"]
[WhiteElo "2062"]
[BlackElo "2142"]
[PlyCount "64"]
[GameId "2160767912717851"]
[EventDate "1985.08.11"]
[EventType "swiss"]
[EventRounds "8"]
[EventCountry "CAN"]
[SourceTitle "EXT 2022"]
[Source "ChessBase"]
[SourceDate "2021.10.06"]
[SourceVersion "1"]
[SourceVersionDate "2021.10.06"]
[SourceQuality "1"]

1. Nf3 d5 2. c4 e6 3. g3 Be7 4. Bg2 Nf6 5. O-O O-O 6. b3 b6 7. Bb2 Bb7 8. d3 c5 9. e3 Nc6 10. Qe2 Qc7 11. Nc3 Rac8 12. Rfd1 Rfd8 13. cxd5 exd5 14. Bh3 Ra8 15. Nh4 Ba6 16. Nf5 Bf8 17. Qf3 Ne5 18. Nh6+ gxh6 19. Qxf6 Bg7 20. Qf4 Qe7 21. Bf5 d4 22. exd4 Rxd4 23. Ne4 Nxd3 24. Rxd3 Rxd3 25. Qg4 Rd4 26. Bxd4 cxd4 27. Rc1 Rd8 28. Rc6 d3 29. Nf6+ Kh8 30. Nh5 Qg5 31. Qf3 d2 32. Bc2 Qe5 0-1

[Event "Quebec op"]
[Site "Ste-Agathe CAN"]
[Date "1985.08.16"]
[Round "6"]
[White "Bolduc, Steve"]
[Black "Kleinplatz, Sam"]
[Result "0-1"]
[WhiteElo "2142"]
[BlackElo "2136"]
[PlyCount "98"]
[GameId "2160767912717858"]
[EventDate "1985.08.11"]
[EventType "swiss"]
[EventRounds "8"]
[EventCountry "CAN"]
[SourceTitle "hb 2011"]

1. d4 Nf6 2. c4 c5 3. d5 b5 4. a4 b4 5. g3 Bb7 6. Bg2 e5 7. e4 d6 8. Ne2 g6 9. O-O Nbd7 10. f4 exf4 11. gxf4 Bg7 12. Ng3 O-O 13. Nd2 Re8 14. Ra2 h5 15. e5 dxe5 16. f5 e4 17. Ndxe4 h4 18. fxg6 fxg6 19. Bg5 hxg3 20. b3 Rxe4 21. Bxe4 Qe8 22. Bg2 Ne4 23. Re2 gxh2+ 24. Kxh2 Be5+ 25. Bf4 Nc3 26. Rxe5 Nxe5 27. Qc2 Bc8 28. d6 Ng4+ 29. Kh1 Bf5 30. Qd2 Rd8 31. Re1 Ne4 32. Qe2 Qd7 33. Kg1 Re8 34. Qd3 Nef6 35. Qd2 Rxe1+ 36. Qxe1 Qe6 37. Qd2 Kg7 38. Bc6 Nd7 39. Bd5 Qf6 40. Kg2 Qc3 41. Qe2 Nge5 42. Be4 Qh3+ 43. Kf2 Qh4+ 44. Ke3 Bxe4 45. Kxe4 g5 46. Kd5 Qxf4 47. a5 Kf6 48. Qd1 Qf2 49. a6 Qg2+ 0-1

[Event "Quebec op"]
[Site "Ste-Agathe CAN"]
[Date "1985.08.17"]
[Round "7"]
[White "Angers, Gilles"]
[Black "Bolduc, Steve"]
[Result "1/2-1/2"]
[WhiteElo "1934"]
[BlackElo "2142"]
[PlyCount "79"]
[GameId "2160767912717862"]
[EventDate "1985.08.11"]
[EventType "swiss"]
[EventRounds "8"]
[EventCountry "CAN"]
[SourceTitle "hb 2011"]

1. e4 c6 2. d4 d5 3. exd5 cxd5 4. c4 Nf6 5. Nc3 g6 6. Nf3 Bg7 7. cxd5 O-O 8. Qb3 Nbd7 9. g3 Nb6 10. Bg2 Nfxd5 11. O-O Nxc3 12. bxc3 Be6 13. Qa3 Bd5 14. Re1 Re8 15. Bf4 Bf8 16. Qc1 Rc8 17. Bh6 Bg7 18. Bxg7 Kxg7 19. Ne5 Bxg2 20. Kxg2 Nd5 21. c4 Nb6 22. Re4 Nxc4 23. Rh4 Qd5+ 24. Kg1 Rh8 25. Qh6+ Kg8 26. Rc1 b5 27. Rf4 Rf8 28. Re1 Nxe5 29. Rxe5 Qd7 30. d5 Re8 31. Rfe4 f6 32. Re6 Kf7 33. Qe3 g5 34. Qb3 Kg7 35. Qe3 Qxd5 36. Rxe7+ Rxe7 37. Rxe7+ Kg6 38. Qxa7 Qd1+ 39. Kg2 Qd5+ 40. Kg1 1/2-1/2

[Event "Quebec-ch reserve"]
[Site "Montreal CAN"]
[Date "1985.06.17"]
[Round "1"]
[White "Bolduc, Steve"]
[Black "Vallieres, Mario"]
[Result "1-0"]
[WhiteElo "2042"]
[BlackElo "2008"]
[PlyCount "83"]
[GameId "2160767912718097"]
[EventDate "1985.06.17"]
[EventType "tourn"]
[EventRounds "9"]
[EventCountry "CAN"]

1. d4 f5 2. g3 Nf6 3. Bg2 e6 4. c4 Be7 5. Nf3 O-O 6. O-O a5 7. Nc3 d6 8. Re1 Ne4 9. Qc2 Nc6 10. a3 d5 11. Nb5 g5 12. Rd1 Bd7 13. Ne1 Be8 14. f3 Nd6 15. Nxd6 Qxd6 16. f4 Bg6 17. e3 g4 18. Bd2 h5 19. Nd3 Bf6 20. cxd5 exd5 21. Ne5 Bxe5 22. dxe5 Qe6 23. Qc5 Bf7 24. Rac1 Rfc8 25. b4 axb4 26. axb4 Nd8 27. b5 c6 28. Bb4 Qe8 29. Qb6 Ra4 30. Bd6 Qd7 31. Rd4 Ra2 32. bxc6 bxc6 33. Rb4 Qa7 34. h3 Ra8 35. hxg4 hxg4 36. Bc7 Ne6 37. Rxc6 Nxc7 38. Rxc7 Qxb6 39. Rxb6 Re2 40. Rb1 Rxe3 41. Rxf7 Rxg3 42. Rd7 1-0

[Event "Quebec-ch reserve"]
[Site "Montreal CAN"]
[Date "1985.06.18"]
[Round "2"]
[White "Gagnon, Michel"]
[Black "Bolduc, Steve"]
[Result "0-1"]
[WhiteElo "2020"]
[BlackElo "2042"]
[PlyCount "80"]
[GameId "2160767912718103"]
[EventDate "1985.06.17"]
[EventType "tourn"]
[EventRounds "9"]
[EventCountry "CAN"]

1. e4 c6 2. d4 d5 3. Nc3 dxe4 4. Nxe4 Bf5 5. Ng3 Bg6 6. Nf3 Nd7 7. h4 h6 8. h5 Bh7 9. Bc4 Qc7 10. Qe2 e6 11. O-O Ngf6 12. Ne5 Nxe5 13. dxe5 Nd5 14. Re1 O-O-O 15. a3 Bc5 16. Bd3 Bxd3 17. Qxd3 Rd7 18. Qe2 Rhd8 19. Kh1 Bf8 20. f4 c5 21. Ne4 Kb8 22. Bd2 Ne7 23. Bc3 Nf5 24. Qf2 Qc6 25. Kh2 Be7 26. g3 b6 27. a4 Rd5 28. g4 Bh4 29. Qg2 Bxe1 30. Rxe1 Nd4 31. Ra1 Qc7 32. Kh3 a5 33. b3 Qc6 34. Kh2 Qb7 35. Re1 R5d7 36. Rc1 Ka7 37. Kh3 Qc6 38. Ra1 Nxc2 39. Qxc2 Rd3+ 40. Ng3 Qf3 0-1

[Event "Quebec-ch reserve"]
[Site "Montreal CAN"]
[Date "1985.06.21"]
[Round "4"]
[White "Bolduc, Steve"]
[Black "Desforges, Jean"]
[Result "1/2-1/2"]
[WhiteElo "2042"]
[BlackElo "2018"]
[PlyCount "88"]
[GameId "2160767912718110"]
[EventDate "1985.06.17"]
[EventType "tourn"]
[EventRounds "9"]
[EventCountry "CAN"]

1. d4 Nf6 2. c4 e6 3. Nf3 b6 4. a3 Bb7 5. Nc3 d5 6. cxd5 exd5 7. e3 Be7 8. Bb5+ c6 9. Bd3 O-O 10. b4 Nbd7 11. O-O c5 12. bxc5 bxc5 13. Rb1 Bc6 14. dxc5 Nxc5 15. Nd4 Bd7 16. Bf5 Ne6 17. Nce2 Rb8 18. Bb2 Qa5 19. Bc2 Nxd4 20. Nxd4 Rb7 21. Nf5 Bxf5 22. Bxf5 Rfb8 23. Be5 Rxb1 24. Bxb1 Rd8 25. Qc2 Qxa3 26. Rd1 a5 27. g3 Qc5 28. Qd2 Qb4 29. Bc3 Qc5 30. Bxa5 Ra8 31. Bc3 Ne4 32. Bxe4 dxe4 33. Qb2 Qg5 34. Qb7 Rd8 35. Rxd8+ Bxd8 36. Qxe4 Qb5 37. Qa8 Qb6 38. Bb4 Qc7 39. e4 h6 40. e5 Kh7 41. Bd6 Qd7 42. Qe4+ Kg8 43. Kg2 Bb6 44. g4 Qe6 1/2-1/2

[Event "Quebec-ch reserve"]
[Site "Montreal CAN"]
[Date "1985.06.25"]
[Round "7"]
[White "Gendron, Bernard"]
[Black "Bolduc, Steve"]
[Result "1/2-1/2"]
[WhiteElo "1922"]
[BlackElo "2042"]
[PlyCount "22"]
[GameId "2160767912718123"]
[EventDate "1985.06.17"]
[EventType "tourn"]
[EventRounds "9"]
[EventCountry "CAN"]

1. d4 d5 2. c4 dxc4 3. e3 Nf6 4. Bxc4 e6 5. Nf3 a6 6. a3 c5 7. O-O Nbd7 8. dxc5 Bxc5 9. b4 Be7 10. Bb2 O-O 11. Nbd2 b5 1/2-1/2

[Event "Quebec-ch reserve"]
[Site "Montreal CAN"]
[Date "1985.06.26"]
[Round "8"]
[White "Bolduc, Steve"]
[Black "Delisle, Claude"]
[Result "1-0"]
[WhiteElo "2042"]
[BlackElo "2039"]
[PlyCount "49"]
[GameId "2160767912718125"]
[EventDate "1985.06.17"]
[EventType "tourn"]
[EventRounds "9"]
[EventCountry "CAN"]

1. d4 g6 2. Nf3 Bg7 3. c4 d6 4. Nc3 Nf6 5. g3 O-O 6. Bg2 Nc6 7. O-O a6 8. d5 Na5 9. Nd2 c5 10. Qc2 Rb8 11. b3 b5 12. Bb2 e5 13. dxe6 fxe6 14. Nce4 bxc4 15. Nxf6+ Bxf6 16. Bxf6 Qxf6 17. Ne4 Qe7 18. bxc4 Rb4 19. Qc3 Nxc4 20. a3 Ra4 21. Qb3 Bd7 22. Rfc1 Qg7 23. Nc3 Qd4 24. Nxa4 Rxf2 25. Qxc4 1-0

[Event "Quebec-ch reserve"]
[Site "Montreal CAN"]
[Date "1985.06.29"]
[Round "9"]
[White "Beauchamp, Jean-Pierre"]
[Black "Bolduc, Steve"]
[Result "1/2-1/2"]
[WhiteElo "2070"]
[BlackElo "2042"]
[PlyCount "30"]
[GameId "2160767912718129"]
[EventDate "1985.06.17"]
[EventType "tourn"]
[EventRounds "9"]
[EventCountry "CAN"]

1. e4 c6 2. d4 d5 3. Nc3 dxe4 4. Nxe4 Bf5 5. Ng3 Bg6 6. Nf3 Nd7 7. Bd3 Bxd3 8. Qxd3 Qc7 9. O-O e6 10. Re1 Be7 11. c4 Ngf6 12. Bd2 O-O 13. Bc3 Rfe8 14. Rad1 Rad8 15. Qe2 a6 1/2-1/2

[Event "Specialiste-Tch2"]
[Site "Montreal CAN"]
[Date "1985.06.06"]
[Round "1"]
[White "Bolduc, Steve"]
[Black "Beaudry, Marc-Andre"]
[Result "1-0"]
[WhiteElo "2123"]
[BlackElo "1812"]
[PlyCount "41"]
[GameId "2160767912718143"]
[EventDate "1985.06.06"]
[EventType "team"]
[EventRounds "6"]
[EventCountry "CAN"]
[SourceTitle "hb 2011"]

1. d4 Nf6 2. c4 e6 3. Nc3 Bb4 4. e3 b6 5. Nge2 Ba6 6. Qa4 c5 7. a3 Bxc3+ 8. Nxc3 O-O 9. b4 cxd4 10. exd4 d5 11. b5 Bb7 12. c5 bxc5 13. dxc5 d4 14. Ne2 e5 15. c6 Bc8 16. Ng3 a6 17. Rb1 e4 18. b6 e3 19. fxe3 dxe3 20. b7 Bg4 21. bxa8=Q 1-0

[Event "Specialiste-Tch2"]
[Site "Montreal CAN"]
[Date "1985.06.13"]
[Round "2"]
[White "Bolduc, Steve"]
[Black "Cossette, Daniel"]
[Result "1-0"]
[WhiteElo "2123"]
[BlackElo "1910"]
[PlyCount "77"]
[GameId "2160767912718145"]
[EventDate "1985.06.06"]
[EventType "team"]
[EventRounds "6"]
[EventCountry "CAN"]
[SourceTitle "hb 2011"]

1. d4 d5 2. Nf3 c5 3. g3 Nc6 4. Bg2 e6 5. O-O Nf6 6. c4 Be7 7. cxd5 exd5 8. Nc3 O-O 9. Bg5 c4 10. Ne5 Be6 11. h3 Rc8 12. f4 h6 13. Bh4 Nxd4 14. Bxf6 gxf6 15. Ng4 Nf5 16. Nxd5 Bxd5 17. Bxd5 h5 18. e4 Qb6+ 19. Kg2 hxg4 20. exf5 gxh3+ 21. Kxh3 Qxb2 22. Rb1 c3 23. Rxb2 cxb2 24. Be4 Rc1 25. Qg4+ Kh7 26. Rf2 Rh1+ 27. Kg2 b1=Q 28. Bxb1 Rxb1 29. Kf3 Rh1 30. Kg2 Rh6 31. Rd2 Rg8 32. Qf3 b6 33. Rd7 Re8 34. Qb7 Bc5 35. Rxf7+ Kh8 36. Qd7 Re2+ 37. Kf3 Rf2+ 38. Kg4 Rg6+ 39. fxg6 1-0

[Event "Specialiste-Tch2"]
[Site "Montreal CAN"]
[Date "1985.06.20"]
[Round "3"]
[White "Bolduc, Steve"]
[Black "Morin, Louis"]
[Result "1-0"]
[WhiteElo "2123"]
[BlackElo "1895"]
[PlyCount "77"]
[GameId "2160767912718148"]
[EventDate "1985.06.06"]
[EventType "team"]
[EventRounds "6"]
[EventCountry "CAN"]
[SourceTitle "hb 2011"]

1. d4 Nf6 2. c4 e6 3. Nf3 d5 4. Nc3 Be7 5. Bg5 Nbd7 6. e3 O-O 7. Rc1 a6 8. cxd5 exd5 9. Bd3 c6 10. O-O Re8 11. Qc2 Nf8 12. Bxf6 Bxf6 13. b4 Qd6 14. Qb3 Bg4 15. Nd2 Bd8 16. Rfe1 Bc7 17. Nf1 Re6 18. f3 Bh5 19. a4 Rae8 20. b5 axb5 21. axb5 Rh6 22. bxc6 bxc6 23. Ne2 Bxf3 24. gxf3 Rxh2 25. Nf4 Rh4 26. Ng2 Rh3 27. Qb7 Ba5 28. Red1 Rh6 29. Rc5 Rb8 30. Qa6 Bb6 31. Rc2 Qf6 32. Rdc1 Qd8 33. Rxc6 Ra8 34. Qb5 Ra5 35. Qb2 Rxc6 36. Rxc6 Bc7 37. Qc3 Ra7 38. Qc5 Ra2 39. Rxc7 1-0

[Event "Quebec-ch qual. 2"]
[Site "Montreal CAN"]
[Date "1985.05.31"]
[Round "1"]
[White "Ducharme, Yves"]
[Black "Bolduc, Steve"]
[Result "1-0"]
[WhiteElo "1670"]
[BlackElo "2065"]
[PlyCount "96"]
[GameId "2160767912718159"]
[EventDate "1985.05.31"]
[EventType "swiss"]
[EventRounds "5"]
[EventCountry "CAN"]
[SourceTitle "hb 2011"]

1. e4 c6 2. d4 d5 3. exd5 cxd5 4. Nf3 Nf6 5. Bd3 g6 6. Bg5 Bg7 7. c3 O-O 8. Nbd2 Nc6 9. Qc2 Be6 10. O-O Rc8 11. a3 Nh5 12. Nb3 f6 13. Be3 Bg4 14. Ne1 e5 15. f3 Be6 16. g4 Nf4 17. Bxf4 exf4 18. Qd2 Bh6 19. Nc5 Qe7 20. Nxe6 Qxe6 21. Ng2 Na5 22. Rae1 Qb6 23. Rf2 Nc4 24. Bxc4 Rxc4 25. Rfe2 Rc6 26. Re7 Rf7 27. Re8+ Rf8 28. Qe2 g5 29. Re7 Bg7 30. Rd7 f5 31. Qe7 Rg6 32. Rxb7 Qa6 33. Rxa7 Qd3 34. gxf5 Qxf5 35. Qd7 Qd3 36. Qxd5+ Kh8 37. Qe4 Qc4 38. Re7 g4 39. Re8 gxf3 40. Rxf8+ Bxf8 41. Qxf3 Bd6 42. Kh1 Qg8 43. a4 Qb8 44. a5 Qb5 45. b4 Qc4 46. Re8+ Kg7 47. Rd8 Bxb4 48. Rd7+ Kg8 1-0

[Event "Quebec-ch qual. 2"]
[Site "Montreal CAN"]
[Date "1985.06.01"]
[Round "3"]
[White "Balogh, Alex"]
[Black "Bolduc, Steve"]
[Result "0-1"]
[WhiteElo "1623"]
[BlackElo "2065"]
[PlyCount "64"]
[GameId "2160767912718160"]
[EventDate "1985.05.31"]
[EventType "swiss"]
[EventRounds "5"]
[EventCountry "CAN"]
[SourceTitle "hb 2011"]

1. d4 Nf6 2. c4 e6 3. Nc3 d5 4. Bg5 c6 5. e3 Nbd7 6. Nf3 Be7 7. Qc2 O-O 8. Be2 dxc4 9. Bxc4 b5 10. Bd3 a6 11. Rd1 h6 12. Bh4 Bb7 13. O-O Rc8 14. Qe2 Re8 15. a3 c5 16. dxc5 Bxc5 17. Be4 Qb6 18. Bxb7 Qxb7 19. Rd3 Be7 20. b4 Nb6 21. Rfd1 Nc4 22. Bxf6 Bxf6 23. Rd7 Qc6 24. Nb1 Rc7 25. Rxc7 Qxc7 26. Nd4 Rd8 27. g3 g6 28. Kg2 Kg7 29. a4 bxa4 30. Rc1 Qb7+ 31. f3 Nxe3+ 32. Qxe3 Rxd4 0-1

[Event "Quebec-ch qual. 2"]
[Site "Montreal CAN"]
[Date "1985.06.02"]
[Round "4"]
[White "Bolduc, Steve"]
[Black "Gendron, Bernard"]
[Result "1-0"]
[WhiteElo "2065"]
[BlackElo "1931"]
[PlyCount "81"]
[GameId "2160767912718161"]
[EventDate "1985.05.31"]
[EventType "swiss"]
[EventRounds "5"]
[EventCountry "CAN"]
[SourceTitle "hb 2011"]

1. d4 e6 2. c4 f5 3. g3 Nf6 4. Bg2 c6 5. Nh3 Bb4+ 6. Nd2 d5 7. O-O O-O 8. Qc2 Qe7 9. Nf3 Bd6 10. Bf4 Bd7 11. Qb3 Bxf4 12. Nxf4 Be8 13. Ne5 Na6 14. Rad1 Bf7 15. Rfe1 Rfd8 16. e3 Rac8 17. c5 g5 18. Nfd3 Bh5 19. Rb1 Rc7 20. Qc2 Nb8 21. b4 Nbd7 22. b5 Nxe5 23. Nxe5 Ng4 24. Nxg4 fxg4 25. bxc6 Bg6 26. e4 bxc6 27. Rbd1 Qf6 28. Qd2 Rf8 29. exd5 exd5 30. Re5 Rcf7 31. Rf1 h6 32. h3 gxh3 33. Bxh3 Re7 34. Rxe7 Qxe7 35. Re1 Qg7 36. Re6 Rb8 37. Rxc6 Rb1+ 38. Kh2 Be4 39. Bg2 Qf7 40. Rxh6 Qg7 41. Rh5 1-0

[Event "Quebec-ch qual. 2"]
[Site "Montreal CAN"]
[Date "1985.06.02"]
[Round "5"]
[White "Bolduc, Steve"]
[Black "Liard, Serge"]
[Result "1/2-1/2"]
[WhiteElo "2065"]
[BlackElo "1941"]
[PlyCount "131"]
[GameId "2160767912718162"]
[EventDate "1985.05.31"]
[EventType "swiss"]
[EventRounds "5"]
[EventCountry "CAN"]
[SourceTitle "hb 2011"]

1. d4 Nf6 2. c4 g6 3. Nc3 d5 4. Nf3 Bg7 5. Qb3 dxc4 6. Qxc4 O-O 7. e4 b6 8. Bf4 Ba6 9. Qxc7 Bxf1 10. Kxf1 Qxc7 11. Bxc7 Na6 12. Be5 Nb4 13. Rd1 Rfd8 14. Ke2 Kf8 15. Rd2 Bh6 16. Rdd1 Nh5 17. a3 Nc6 18. d5 Nxe5 19. Nxe5 Nf4+ 20. Kf3 f5 21. Rhe1 fxe4+ 22. Rxe4 Nh5 23. Rc4 Bg7 24. Nc6 Rd7 25. Nd4 Bxd4 26. Rcxd4 Rad8 27. Ke4 Nf6+ 28. Ke3 h5 29. h3 g5 30. f4 g4 31. f5 Kf7 32. Kf4 Rg8 33. R1d2 gxh3 34. gxh3 Rg1 35. Re2 Rd8 36. Rdd2 Rc8 37. d6 exd6 38. Rxd6 Rf1+ 39. Ke5 Rc5+ 40. Nd5 Nxd5 41. Rxd5 Rxd5+ 42. Kxd5 Rxf5+ 43. Kd6 Rf6+ 44. Kc7 Kg6 45. Rg2+ Kh6 46. Kb7 Rf7+ 47. Ka6 h4 48. b4 Rd7 49. Rg4 Kh5 50. a4 Re7 51. b5 Rc7 52. Rg8 Rc4 53. Kxa7 Rxa4+ 54. Kxb6 Ra3 55. Kc6 Rc3+ 56. Kb7 Rxh3 57. b6 Rb3 58. Kc7 Rc3+ 59. Kb8 h3 60. b7 Rb3 61. Kc7 Kh4 62. Rh8+ Kg3 63. Rg8+ Kf2 64. Rh8 Kg2 65. Rxh3 Kxh3 66. b8=Q 1/2-1/2

[Event "match Quebec-N.B."]
[Site "Montreal CAN"]
[Date "1985.05.05"]
[Round "4"]
[White "Robichaud, Louis"]
[Black "Bolduc, Steve"]
[Result "0-1"]
[WhiteElo "2149"]
[BlackElo "2015"]
[PlyCount "76"]
[GameId "2160767912718203"]
[EventDate "1985.05.04"]
[EventType "team"]
[EventRounds "4"]
[EventCountry "CAN"]

1. e4 c6 2. d3 d5 3. Nd2 e5 4. Ngf3 Bd6 5. g3 Nf6 6. Bg2 O-O 7. O-O Re8 8. h3 a5 9. a4 Qc7 10. Re1 Na6 11. Nf1 dxe4 12. dxe4 Nc5 13. Nh4 Ne6 14. Nf5 Bf8 15. Qf3 b6 16. Be3 Bb7 17. Nd2 Rad8 18. Bf1 c5 19. Bc4 Bc6 20. c3 Qb7 21. Nh6+ Kh8 22. Qf5 Qe7 23. Ng4 Nxg4 24. Qxg4 g6 25. Nf1 h5 26. Qf3 f5 27. Bd5 Bxd5 28. exd5 e4 29. Qd1 Bg7 30. Qb3 Ng5 31. Bxg5 Qxg5 32. Qxb6 h4 33. Qxc5 hxg3 34. fxg3 f4 35. g4 Rxd5 36. Qf2 Rd3 37. Qc2 f3 38. Qf2 Bf8 0-1

[Event "Specialiste-Tch"]
[Site "Montreal CAN"]
[Date "1985.02.07"]
[Round "1"]
[White "Dupuis, Stephane"]
[Black "Bolduc, Steve"]
[Result "1-0"]
[WhiteElo "2056"]
[BlackElo "2065"]
[PlyCount "80"]
[GameId "2160767912714371"]
[EventDate "1985.02.07"]
[EventType "team"]
[EventRounds "6"]
[EventCountry "CAN"]
[SourceTitle "hb 2011"]

1. e4 c6 2. d4 d5 3. exd5 cxd5 4. c4 Nf6 5. Nc3 g6 6. Qb3 Bg7 7. cxd5 O-O 8. Be2 Nbd7 9. Bf3 Nb6 10. Bg5 Bg4 11. Bxf6 Bxf3 12. Nxf3 Bxf6 13. a4 a5 14. O-O Rc8 15. Rfe1 Rc4 16. Qb5 Rb4 17. Qxa5 Rxb2 18. Rab1 Nc4 19. Qxd8 Rxd8 20. Rxb2 Nxb2 21. Rb1 Rc8 22. Ne4 Nxa4 23. d6 b6 24. Kf1 Kg7 25. Rb4 b5 26. Nxf6 Kxf6 27. dxe7 Kxe7 28. Rxb5 Rc1+ 29. Ke2 Nc3+ 30. Kd2 Nxb5 31. Kxc1 Ke6 32. Kd2 Kd5 33. Kd3 f6 34. h4 Nd6 35. Nd2 f5 36. Nb1 h6 37. f4 Ke6 38. Nc3 Kf6 39. Nd5+ Ke6 40. Ne3 Kf6 1-0

[Event "Specialiste-Tch"]
[Site "Montreal CAN"]
[Date "1985.02.14"]
[Round "2"]
[White "Bolduc, Steve"]
[Black "Morin, Yves"]
[Result "1/2-1/2"]
[WhiteElo "2065"]
[BlackElo "2059"]
[PlyCount "38"]
[GameId "2160767912714372"]
[EventDate "1985.02.07"]
[EventType "team"]
[EventRounds "6"]
[EventCountry "CAN"]
[SourceTitle "hb 2011"]

1. Nf3 Nf6 2. d4 e6 3. c4 Bb4+ 4. Bd2 Qe7 5. g3 O-O 6. Bg2 Bxd2+ 7. Nbxd2 d6 8. O-O e5 9. e4 c5 10. d5 Bg4 11. Qc2 Bxf3 12. Nxf3 g6 13. Bh3 Nh5 14. Rae1 Nd7 15. Nh4 Rae8 16. Qa4 Nb6 17. Qc2 Nd7 18. Qa4 Nb6 19. Qc2 Nd7 1/2-1/2

[Event "Pere Noel"]
[Site "Montreal CAN"]
[Date "1984.12.26"]
[Round "1"]
[White "Fournier, Rene"]
[Black "Bolduc, Steve"]
[Result "0-1"]
[WhiteElo "1852"]
[BlackElo "2054"]
[PlyCount "100"]
[GameId "2160767912714634"]
[EventDate "1984.12.26"]
[EventType "swiss"]
[EventRounds "5"]
[EventCountry "CAN"]
[SourceTitle "EXT 2022"]
[Source "ChessBase"]
[SourceDate "2021.10.06"]
[SourceVersion "1"]
[SourceVersionDate "2021.10.06"]
[SourceQuality "1"]

1. e4 Nf6 2. e5 Nd5 3. d4 d6 4. Nf3 g6 5. Bc4 c6 6. h3 Bg7 7. O-O O-O 8. Qe2 b5 9. Bxd5 cxd5 10. Qxb5 dxe5 11. Rd1 exd4 12. Nxd4 Ba6 13. Qa4 Bb7 14. c3 Nd7 15. Bg5 Nc5 16. Qc2 Ne4 17. Be3 Rc8 18. f4 Nd6 19. Nd2 Re8 20. N4f3 Nf5 21. Bxa7 Qc7 22. Nf1 Qxf4 23. Qf2 e5 24. a4 d4 25. cxd4 Bxf3 26. dxe5 Qxe5 27. Qxf3 Qxb2 28. Qa3 Qb7 29. Bf2 Re2 30. Ra2 Bf8 31. Qxf8+ Kxf8 32. Rxe2 Qb3 33. Ra1 Rc2 34. Rxc2 Qxc2 35. a5 Qb2 36. Bc5+ Kg7 37. Ra3 Qb5 38. Bb6 Qb4 39. Rf3 Nh4 40. Rd3 Qe4 41. Rd2 Qb4 42. Rd4 Qe1 43. Rd2 Qc1 44. Re2 Qc6 45. Rf2 f5 46. Re2 f4 47. Nh2 Qc1+ 48. Nf1 f3 49. gxf3 Qg5+ 50. Kh1 Qh5 0-1